000 00678nam a22002177a 4500
003 UA-OsUOA
001 86595
007 ta
008 20120906b un ||||| |||| 00| 0 ukr d
090 _a947.085
_bИ91
942 _cBK
040 _aUA-OsUOA
_brus
_cUA-OsUOA
_dUA-OsUOA
245 _aИсточники победы Советского народа в Великой Отечественной войне 1941 - 1945
_cотв. ред. Куманев Г. А.
300 _a312 с.
955 _a1
041 _arus
080 _a947.085
260 _aМ.
_bНаука
_c1985
650 7 _a9 Географія. Біографії. Історія
_2UDC
999 _c372763
_d372763